A guide to everyday economic statistics / (Record no. 166227)

MARC details
000 -LEADER
fixed length control field 00802nam a2200229 4500
001 - CONTROL NUMBER
control field vtls000327160
003 - CONTROL NUMBER IDENTIFIER
control field MY-SjTCS
005 - DATE AND TIME OF LATEST TRANSACTION
control field 20200226120535.0
008 - FIXED-LENGTH DATA ELEMENTS--GENERAL INFORMATION
fixed length control field 110218 1992 00 eng
020 ## - INTERNATIONAL STANDARD BOOK NUMBER
International Standard Book Number 0070113270
039 #9 - LEVEL OF BIBLIOGRAPHIC CONTROL AND CODING DETAIL [OBSOLETE]
Level of rules in bibliographic description 201904301415
Level of effort used to assign nonsubject heading access points dianafitri
Level of effort used to assign subject headings 201603071239
Level of effort used to assign classification malathy
Level of effort used to assign subject headings 201102181216
Level of effort used to assign classification VLOAD
Level of effort used to assign subject headings 200810201157
Level of effort used to assign classification chon ling
-- 200407271818
-- VLOAD
082 04 - DEWEY DECIMAL CLASSIFICATION NUMBER
Classification number 330.015195
Item number CLA
100 1# - MAIN ENTRY--PERSONAL NAME
Personal name Clayton, Gary E.
9 (RLIN) 1981
245 12 - TITLE STATEMENT
Title A guide to everyday economic statistics /
Statement of responsibility, etc. Gary E. Clayton, Martin Gerhad Giesbrecht
250 ## - EDITION STATEMENT
Edition statement 2nd ed.
260 ## - PUBLICATION, DISTRIBUTION, ETC.
Place of publication, distribution, etc. N.Y. :
Name of publisher, distributor, etc. McGraw-Hill,
Date of publication, distribution, etc. 1992
300 ## - PHYSICAL DESCRIPTION
Extent 136 p. ;
Dimensions 23 cm.
650 #0 - SUBJECT ADDED ENTRY--TOPICAL TERM
Topical term or geographic name entry element Economics
General subdivision Statistical methods.
9 (RLIN) 4563
650 #0 - SUBJECT ADDED ENTRY--TOPICAL TERM
Topical term or geographic name entry element Economics
Form subdivision Statistics.
700 1# - ADDED ENTRY--PERSONAL NAME
Personal name Giesbrecht, Martin Gerhad.
Relator term (j.a.)
9 (RLIN) 82169
920 ## - Programme
Programme TBS : 13084, 13085
Holdings
Withdrawn status Lost status Source of classification or shelving scheme Damaged status Not for loan Collection code Home library Current library Date acquired Total Checkouts Barcode Date last seen Date last checked out Copy number Koha item type Public note
Withdrawn   Dewey Decimal Classification     Please fill up online form at https://taylorslibrary.taylors.edu.my/services/external_storage1 Taylor's Library-TU TU External Storage-LCS 27/07/2004   1000006396 12/12/2019 01/02/2010 1 Main Collection TBSxx,34001,02,GR
Withdrawn   Dewey Decimal Classification       Taylor's Library-TU Taylor's Library-TU 27/07/2004 1 1000006391 12/12/2019 01/02/2010 1 Main Collection TBSxx,34004,02,GR